[Event "Bundesliga 9900"]
[Site "Deutschland"]
[Date "1999.12.12"]
[Round "6.7"]
[White "Meins, Gerlef"]
[Black "Thesing, Matthias"]
[Result "1/2-1/2"]
[WhiteElo "2421"]
[BlackElo "2444"]
[PlyCount "57"]
[EventDate "1999.10.09"]
[EventType "team"]
[EventRounds "15"]
[EventCountry "GER"]
[SourceTitle "Bundesliga 9900"]
[Source "DeepChess"]
[SourceDate "2005.01.01"]
[SourceVersion "1"]
[SourceVersionDate "2005.01.01"]
[SourceQuality "1"]
[WhiteTeam "SAbt SV Werder Bremen"]
[BlackTeam "PSV Turm Duisburg 1920 e.V."]
[WhiteTeamCountry "GER"]
[BlackTeamCountry "GER"]

1. d4 e6 2. Nf3 Nf6 3. g3 b6 4. Bg2 Bb7 5. O-O c5 6. c4 cxd4 7. Qxd4 d6 8. Nc3
a6 9. Rd1 Nbd7 10. e4 Qc7 11. b3 Rc8 12. Bb2 Be7 13. Rac1 Qb8 14. Ba3 Nc5 15.
e5 dxe5 16. Qxe5 Qxe5 17. Nxe5 Bxg2 18. Kxg2 Ncd7 19. Bxe7 Kxe7 20. Nxd7 Nxd7
21. Na4 Rc6 22. Rc3 Rb8 23. Rcd3 Rb7 24. Nc3 Rbc7 25. Re3 Nf6 26. Ree1 Rd7 27.
Rxd7+ Kxd7 28. Rd1+ Kc7 29. Rd3 1/2-1/2

[Event "Bundesliga 9900"]
[Site "Deutschland"]
[Date "1999.12.12"]
[Round "6.8"]
[White "Machelett, Heiko"]
[Black "Polak, Tomas"]
[Result "0-1"]
[WhiteElo "2380"]
[BlackElo "2488"]
[PlyCount "142"]
[EventDate "1999.10.09"]
[EventType "team"]
[EventRounds "15"]
[EventCountry "GER"]
[SourceTitle "Bundesliga 9900"]
[Source "DeepChess"]
[SourceDate "2005.01.01"]
[SourceVersion "1"]
[SourceVersionDate "2005.01.01"]
[SourceQuality "1"]
[WhiteTeam "PSV Turm Duisburg 1920 e.V."]
[BlackTeam "SAbt SV Werder Bremen"]
[WhiteTeamCountry "GER"]
[BlackTeamCountry "GER"]

1. d4 Nf6 2. Nf3 e6 3. c4 b6 4. e3 Bb7 5. Bd3 d5 6. O-O Nbd7 7. Nc3 Bd6 8. Qe2
Ne4 9. Nd2 Ndf6 10. f3 Nxd2 11. Bxd2 O-O 12. e4 dxc4 13. Bxc4 e5 14. d5 a6 15.
Bg5 Bc5+ 16. Kh1 h6 17. Bh4 Qd6 18. f4 Bd4 19. Bxf6 Qxf6 20. fxe5 Qxe5 21. Rf5
Qe7 22. Raf1 Kh8 23. e5 b5 24. Bb3 b4 25. Qe4 Bxc3 26. bxc3 bxc3 27. Rh5 g6 28.
Rxh6+ Kg7 29. Rh3 Rae8 30. Qf4 Rh8 31. Rxc3 Rh4 32. Qg3 Qxe5 33. Qxh4 Qxc3 34.
d6 f6 35. d7 Rd8 36. Rd1 Bc6 37. Qg4 f5 38. Qh4 Qf6 39. Qc4 Rxd7 40. Rxd7+ Bxd7
41. h3 Bc6 42. Qf4 Qd6 43. Qc4 Qf6 44. Qf4 Qd6 45. Qc4 Be4 46. Qc3+ Kh7 47. Qe3
c5 48. Qg5 Qc7 49. Bc4 a5 50. Qf6 Qb7 51. Qg5 Qb1+ 52. Kh2 Qb8+ 53. Kh1 Qb1+
54. Kh2 Qb8+ 55. Kh1 Qd6 56. Bb3 Kg7 57. Bc4 Qd1+ 58. Kh2 Qd6+ 59. Kh1 a4 60.
a3 Qd1+ 61. Kh2 Qd6+ 62. Kh1 f4 63. Qh4 Qf6 64. Qe1 Qd4 65. Qh4 Qa1+ 66. Kh2
Qe5 67. Kg1 g5 68. Qf2 Qa1+ 69. Qf1 Qxa3 70. Qd1 Qe3+ 71. Kh1 Qxh3+ 0-1

[Event "Bundesliga 9900"]
[Site "Deutschland"]
[Date "1999.12.12"]
[Round "6.1"]
[White "Schlosser, Philipp"]
[Black "Movsesian, Sergei"]
[Result "1/2-1/2"]
[WhiteElo "2512"]
[BlackElo "2659"]
[PlyCount "83"]
[EventDate "1999.10.09"]
[EventType "team"]
[EventRounds "15"]
[EventCountry "GER"]
[SourceTitle "Bundesliga 9900"]
[Source "DeepChess"]
[SourceDate "2005.01.01"]
[SourceVersion "1"]
[SourceVersionDate "2005.01.01"]
[SourceQuality "1"]
[WhiteTeam "SK Passau 1869"]
[BlackTeam "SF Neukoelln 03 e.V."]
[WhiteTeamCountry "GER"]
[BlackTeamCountry "GER"]

1. c4 Nf6 2. Nc3 g6 3. e4 d6 4. g3 c5 5. Bg2 Nc6 6. Nge2 Bg7 7. d3 O-O 8. O-O
Ne8 9. Be3 Nc7 10. d4 cxd4 11. Nxd4 Ne6 12. Nde2 Bd7 13. f4 a6 14. a4 Rb8 15.
Rb1 Na5 16. b3 b5 17. f5 Nc7 18. c5 dxc5 19. Bxc5 Nc6 20. axb5 axb5 21. Nd5
Nxd5 22. exd5 Ne5 23. fxg6 hxg6 24. Nd4 Rc8 25. b4 Bg4 26. Qb3 Qd7 27. Rbe1 Bh3
28. Bxh3 Qxh3 29. Nxb5 Rb8 30. Na7 Qd7 31. Rxe5 Bxe5 32. Nc6 Bd6 33. Nxb8 Rxb8
34. Qf3 f6 35. Re1 Rb5 36. Bxd6 Qxd6 37. Qd3 Rxd5 38. Qxg6+ Kf8 39. Qh6+ Ke8
40. Qg6+ Kf8 41. Qh6+ Ke8 42. Qg6+ 1/2-1/2

[Event "Bundesliga 9900"]
[Site "Deutschland"]
[Date "1999.12.12"]
[Round "6.2"]
[White "Bunzmann, Dimitrij"]
[Black "Ribli, Zoltan"]
[Result "1/2-1/2"]
[WhiteElo "2596"]
[BlackElo "2586"]
[PlyCount "25"]
[EventDate "1999.10.09"]
[EventType "team"]
[EventRounds "15"]
[EventCountry "GER"]
[SourceTitle "Bundesliga 9900"]
[Source "DeepChess"]
[SourceDate "2005.01.01"]
[SourceVersion "1"]
[SourceVersionDate "2005.01.01"]
[SourceQuality "1"]
[WhiteTeam "SF Neukoelln 03 e.V."]
[BlackTeam "SK Passau 1869"]
[WhiteTeamCountry "GER"]
[BlackTeamCountry "GER"]

1. d4 Nf6 2. c4 e6 3. Nf3 d5 4. Nc3 dxc4 5. e4 Bb4 6. Bg5 c5 7. Bxc4 cxd4 8.
Nxd4 Bxc3+ 9. bxc3 Qa5 10. Bb5+ Nbd7 11. Bxf6 Qxc3+ 12. Kf1 gxf6 13. Rc1
1/2-1/2

[Event "Bundesliga 9900"]
[Site "Deutschland"]
[Date "1999.12.12"]
[Round "6.3"]
[White "Wells, Peter K"]
[Black "Stohl, Igor"]
[Result "1/2-1/2"]
[WhiteElo "2476"]
[BlackElo "2600"]
[PlyCount "30"]
[EventDate "1999.10.09"]
[EventType "team"]
[EventRounds "15"]
[EventCountry "GER"]
[SourceTitle "Bundesliga 9900"]
[Source "DeepChess"]
[SourceDate "2005.01.01"]
[SourceVersion "1"]
[SourceVersionDate "2005.01.01"]
[SourceQuality "1"]
[WhiteTeam "SK Passau 1869"]
[BlackTeam "SF Neukoelln 03 e.V."]
[WhiteTeamCountry "GER"]
[BlackTeamCountry "GER"]

1. Nf3 Nf6 2. c4 c5 3. Nc3 Nc6 4. g3 d5 5. d4 e6 6. cxd5 Nxd5 7. Bg2 Be7 8. O-O
O-O 9. Nxd5 exd5 10. dxc5 Bxc5 11. Bg5 Qb6 12. Rc1 d4 13. Qc2 Bd6 14. Nd2 Be6
15. Nc4 Bxc4 1/2-1/2

[Event "Bundesliga 9900"]
[Site "Deutschland"]
[Date "1999.12.12"]
[Round "6.4"]
[White "Berndt, Stephan"]
[Black "Enders, Peter"]
[Result "1/2-1/2"]
[WhiteElo "2500"]
[BlackElo "2493"]
[PlyCount "87"]
[EventDate "1999.10.09"]
[EventType "team"]
[EventRounds "15"]
[EventCountry "GER"]
[SourceTitle "Bundesliga 9900"]
[Source "DeepChess"]
[SourceDate "2005.01.01"]
[SourceVersion "1"]
[SourceVersionDate "2005.01.01"]
[SourceQuality "1"]
[WhiteTeam "SF Neukoelln 03 e.V."]
[BlackTeam "SK Passau 1869"]
[WhiteTeamCountry "GER"]
[BlackTeamCountry "GER"]

1. e4 e6 2. d4 d5 3. Nc3 Bb4 4. e5 Ne7 5. a3 Bxc3+ 6. bxc3 c5 7. Nf3 Nbc6 8. a4
Qa5 9. Bd2 Bd7 10. Bb5 c4 11. O-O f6 12. Re1 f5 13. Ng5 O-O 14. h4 Qd8 15. Nh3
Be8 16. h5 h6 17. Nf4 Bf7 18. Bxc6 Nxc6 19. Re3 Kh7 20. Rh3 Rg8 21. f3 Qd7 22.
Qe2 a5 23. Kh2 Nd8 24. g4 fxg4 25. fxg4 Be8 26. g5 hxg5 27. Ng6 Nf7 28. Qg4 Qd8
29. Qxe6 Nh6 30. Rg3 Ra6 31. Bxg5 Rxe6 32. Bxd8 Bxg6 33. hxg6+ Rxg6 34. Rxg6
Kxg6 35. Bxa5 Kf5 36. Bc7 g5 37. Rf1+ Ke4 38. e6 Re8 39. e7 Nf5 40. Bd8 g4 41.
Re1+ Kf3 42. Rf1+ Ke4 43. Re1+ Kf3 44. Rf1+ 1/2-1/2

[Event "Bundesliga 9900"]
[Site "Deutschland"]
[Date "1999.12.12"]
[Round "6.5"]
[White "Stangl, Markus"]
[Black "Poldauf, Dirk"]
[Result "1-0"]
[WhiteElo "2517"]
[BlackElo "2453"]
[PlyCount "109"]
[EventDate "1999.10.09"]
[EventType "team"]
[EventRounds "15"]
[EventCountry "GER"]
[SourceTitle "Bundesliga 9900"]
[Source "DeepChess"]
[SourceDate "2005.01.01"]
[SourceVersion "1"]
[SourceVersionDate "2005.01.01"]
[SourceQuality "1"]
[WhiteTeam "SK Passau 1869"]
[BlackTeam "SF Neukoelln 03 e.V."]
[WhiteTeamCountry "GER"]
[BlackTeamCountry "GER"]

1. Nf3 Nf6 2. c4 g6 3. g3 Bg7 4. Bg2 O-O 5. d4 d6 6. O-O Nbd7 7. Qc2 e5 8. Rd1
Re8 9. Nc3 c6 10. b3 e4 11. Ng5 e3 12. fxe3 Nf8 13. Rf1 Qe7 14. Qd3 h6 15. Nh3
Bf5 16. Rxf5 gxf5 17. Qxf5 Rad8 18. Bd2 Ng6 19. Rf1 Qd7 20. e4 c5 21. e3 Ng4
22. Ne2 Qxf5 23. exf5 Nf8 24. f6 Bxf6 25. Bxb7 Nh7 26. Rf3 cxd4 27. Nxd4 Nxe3
28. Nc6 Rd7 29. Rxe3 Rxe3 30. Bxe3 Rxb7 31. Nxa7 Re7 32. Kf2 Ng5 33. Nxg5 Bxg5
34. Bd4 Bf6 35. Nb5 Bxd4+ 36. Nxd4 Ra7 37. a4 Kf8 38. Ke3 Ra6 39. Kd3 Ke8 40.
Nf5 Kd7 41. Nxh6 Ke6 42. Ng4 Ra8 43. Ne3 f5 44. Nd5 Ke5 45. Nf4 Ra7 46. Ne2 Ra8
47. Nd4 Kf6 48. Kc3 Rh8 49. b4 Rxh2 50. b5 Rg2 51. b6 Rxg3+ 52. Kb4 Rg8 53. a5
Rb8 54. Kb5 f4 55. a6 1-0

[Event "Bundesliga 9900"]
[Site "Deutschland"]
[Date "1999.12.12"]
[Round "6.6"]
[White "Brynell, Stellan"]
[Black "Renner, Christoph"]
[Result "0-1"]
[WhiteElo "2488"]
[BlackElo "2448"]
[PlyCount "110"]
[EventDate "1999.10.09"]
[EventType "team"]
[EventRounds "15"]
[EventCountry "GER"]
[SourceTitle "Bundesliga 9900"]
[Source "DeepChess"]
[SourceDate "2005.01.01"]
[SourceVersion "1"]
[SourceVersionDate "2005.01.01"]
[SourceQuality "1"]
[WhiteTeam "SF Neukoelln 03 e.V."]
[BlackTeam "SK Passau 1869"]
[WhiteTeamCountry "GER"]
[BlackTeamCountry "GER"]

1. e4 c5 2. Nf3 Nc6 3. Bb5 g6 4. O-O Bg7 5. Re1 e5 6. Bxc6 dxc6 7. d3 Qe7 8. b4
cxb4 9. a3 b3 10. cxb3 Nf6 11. Bb2 Bg4 12. Nbd2 Nh5 13. h3 Bxf3 14. Qxf3 O-O
15. b4 Rad8 16. Nb3 Rd6 17. Rad1 Rfd8 18. g3 b6 19. Kg2 R6d7 20. Qe3 Nf4+ 21.
gxf4 exf4 22. Qc1 Rxd3 23. Rxd3 Rxd3 24. Qc2 f3+ 25. Kh2 Be5+ 26. Bxe5 Qxe5+
27. Kh1 Qe6 28. Kh2 Qe5+ 29. Kh1 Qe6 30. Kh2 Rxb3 31. e5 Rxa3 32. Qe4 Rc3 33.
Rd1 Qc4 34. Qxc4 Rxc4 35. Rd8+ Kg7 36. Rd7 Kf8 37. Rxa7 Rxb4 38. Kg3 c5 39.
Kxf3 c4 40. Ke4 b5 41. Kd4 Rb3 42. Ra8+ Ke7 43. Ra7+ Ke6 44. Ra6+ Kd7 45. Ra7+
Kc6 46. Ra6+ Kb7 47. Rf6 Rd3+ 48. Kc5 Rd7 49. Rb6+ Kc8 50. Rxb5 c3 51. Rb1 c2
52. Rc1 Rd2 53. f4 Kd7 54. Kc4 Ke6 55. Kc3 Rd7 0-1

[Event "Bundesliga 9900"]
[Site "Deutschland"]
[Date "1999.12.12"]
[Round "6.7"]
[White "Gross, David2"]
[Black "Polzin, Rainer"]
[Result "1-0"]
[WhiteElo "2425"]
[BlackElo "2475"]
[PlyCount "97"]
[EventDate "1999.10.09"]
[EventType "team"]
[EventRounds "15"]
[EventCountry "GER"]
[SourceTitle "Bundesliga 9900"]
[Source "DeepChess"]
[SourceDate "2005.01.01"]
[SourceVersion "1"]
[SourceVersionDate "2005.01.01"]
[SourceQuality "1"]
[WhiteTeam "SK Passau 1869"]
[BlackTeam "SF Neukoelln 03 e.V."]
[WhiteTeamCountry "GER"]
[BlackTeamCountry "GER"]

1. e4 g6 2. d4 Bg7 3. Nc3 d6 4. Nf3 a6 5. a4 Bg4 6. Be2 Nc6 7. Be3 e5 8. dxe5
Bxf3 9. Bxf3 Nxe5 10. Be2 Nf6 11. f4 Nc6 12. Bf3 O-O 13. O-O Re8 14. Qd2 Qd7
15. h3 Nb4 16. Rad1 Rad8 17. Bf2 c5 18. Bh4 Qc7 19. Kh1 Rd7 20. Bxf6 Bxf6 21.
e5 Be7 22. Bg4 Rdd8 23. e6 f5 24. Bf3 Bf6 25. Nd5 Nxd5 26. Bxd5 Kh8 27. g4 Qg7
28. c3 fxg4 29. hxg4 g5 30. f5 Re7 31. Kg2 b5 32. axb5 axb5 33. Ra1 Be5 34. Ra6
Qh6 35. Rh1 Qf6 36. Rb6 Bf4 37. Qe2 b4 38. cxb4 c4 39. Rc6 Qd4 40. Rd1 Qf6 41.
Rxc4 h5 42. Rh1 h4 43. Qc2 Be5 44. b5 Ra7 45. Rc8 Bd4 46. Re1 Bb6 47. Qc3 Kg7
48. Rxd8 Bxd8 49. b6 1-0

[Event "Bundesliga 9900"]
[Site "Deutschland"]
[Date "1999.12.12"]
[Round "6.1"]
[White "Rozentalis, Eduardas"]
[Black "Kindermann, Stefan"]
[Result "1-0"]
[WhiteElo "2586"]
[BlackElo "2527"]
[PlyCount "115"]
[EventDate "1999.10.09"]
[EventType "team"]
[EventRounds "15"]
[EventCountry "GER"]
[SourceTitle "Bundesliga 9900"]
[Source "DeepChess"]
[SourceDate "2005.01.01"]
[SourceVersion "1"]
[SourceVersionDate "2005.01.01"]
[SourceQuality "1"]
[WhiteTeam "SV Castrop Rauxel 1923"]
[BlackTeam "SK Koenig Plauen"]
[WhiteTeamCountry "GER"]
[BlackTeamCountry "GER"]

1. e4 e6 2. d4 d5 3. Nd2 Nf6 4. e5 Nfd7 5. Bd3 c5 6. c3 Nc6 7. Ne2 cxd4 8. cxd4
Qb6 9. Nf3 f6 10. exf6 Nxf6 11. O-O Bd6 12. Nc3 O-O 13. Be3 Bd7 14. Re1 Rae8
15. Ne5 Re7 16. a3 Be8 17. b4 Qd8 18. f4 a6 19. Na4 Na7 20. Nc5 Bb5 21. Bc2 b6
22. a4 Bc4 23. Nxc4 dxc4 24. Nxa6 Nc6 25. Qb1 g6 26. b5 Na5 27. g3 Nd5 28. Qd1
Ree8 29. Bf2 Qf6 30. Qf3 Re7 31. Re2 Qf7 32. Rae1 Rc8 33. Be4 Nf6 34. Bb1 Nd5
35. Ba2 Qf5 36. Rc1 g5 37. Bb1 Qf7 38. Qg4 Nf6 39. Qxg5+ Kh8 40. Rce1 Rg8 41.
Qh4 Nb3 42. f5 Rg4 43. Qh3 Nxd4 44. Bxd4 Rxd4 45. fxe6 Qg7 46. Rf1 c3 47. Qf5
Ng4 48. Re4 Be5 49. Nb4 Rxe4 50. Qxe4 Bd4+ 51. Kh1 Nf2+ 52. Rxf2 Bxf2 53. Nd5
Bc5 54. Nxe7 Qxe7 55. Kg2 Kg8 56. Qf5 Qg7 57. a5 Bd4 58. a6 1-0

[Event "Bundesliga 9900"]
[Site "Deutschland"]
[Date "1999.12.12"]
[Round "6.2"]
[White "Bischoff, Klaus"]
[Black "Van der Sterren, Paul"]
[Result "1/2-1/2"]
[WhiteElo "2509"]
[BlackElo "2535"]
[PlyCount "53"]
[EventDate "1999.10.09"]
[EventType "team"]
[EventRounds "15"]
[EventCountry "GER"]
[SourceTitle "Bundesliga 9900"]
[Source "DeepChess"]
[SourceDate "2005.01.01"]
[SourceVersion "1"]
[SourceVersionDate "2005.01.01"]
[SourceQuality "1"]
[WhiteTeam "SK Koenig Plauen"]
[BlackTeam "SV Castrop Rauxel 1923"]
[WhiteTeamCountry "GER"]
[BlackTeamCountry "GER"]

1. c4 Nf6 2. Nc3 e6 3. d4 Bb4 4. e3 O-O 5. Bd3 d5 6. cxd5 exd5 7. Nge2 Re8 8.
Bd2 b6 9. f3 Bb7 10. O-O Nbd7 11. g4 Nf8 12. a3 Bd6 13. Qe1 c5 14. Qf2 a6 15.
Ng3 Ne6 16. Nce2 g6 17. h4 Nd7 18. h5 Qg5 19. Rad1 cxd4 20. exd4 Nf4 21. Nxf4
Bxf4 22. hxg6 hxg6 23. Kg2 Nf8 24. Bxf4 Qxf4 25. Rh1 Re3 26. Ne2 Qg5 27. Qh4
1/2-1/2

[Event "Bundesliga 9900"]
[Site "Deutschland"]
[Date "1999.12.12"]
[Round "6.3"]
[White "King, Daniel J"]
[Black "Espig, Lutz"]
[Result "1/2-1/2"]
[WhiteElo "2501"]
[BlackElo "2423"]
[PlyCount "53"]
[EventDate "1999.10.09"]
[EventType "team"]
[EventRounds "15"]
[EventCountry "GER"]
[SourceTitle "Bundesliga 9900"]
[Source "DeepChess"]
[SourceDate "2005.01.01"]
[SourceVersion "1"]
[SourceVersionDate "2005.01.01"]
[SourceQuality "1"]
[WhiteTeam "SV Castrop Rauxel 1923"]
[BlackTeam "SK Koenig Plauen"]
[WhiteTeamCountry "GER"]
[BlackTeamCountry "GER"]

1. e4 c5 2. Nc3 e6 3. g3 Nc6 4. Bg2 g6 5. d3 Bg7 6. Be3 d6 7. Qd2 Rb8 8. Nge2
Nd4 9. O-O Ne7 10. Bh6 O-O 11. Bxg7 Kxg7 12. Nxd4 cxd4 13. Ne2 e5 14. f4 f6 15.
Rf2 Bg4 16. Raf1 Qb6 17. c4 f5 18. fxe5 dxe5 19. Nc1 fxe4 20. dxe4 Be6 21. b3
Qd6 22. Rxf8 Rxf8 23. Rxf8 Kxf8 24. Qh6+ Kg8 25. Nd3 Nc6 26. Bh3 a5 27. Bxe6+
1/2-1/2

[Event "Bundesliga 9900"]
[Site "Deutschland"]
[Date "1999.12.12"]
[Round "6.4"]
[White "Hackel, Mario"]
[Black "Gallagher, Joseph G"]
[Result "0-1"]
[WhiteElo "2353"]
[BlackElo "2521"]
[PlyCount "56"]
[EventDate "1999.10.09"]
[EventType "team"]
[EventRounds "15"]
[EventCountry "GER"]
[SourceTitle "Bundesliga 9900"]
[Source "DeepChess"]
[SourceDate "2005.01.01"]
[SourceVersion "1"]
[SourceVersionDate "2005.01.01"]
[SourceQuality "1"]
[WhiteTeam "SK Koenig Plauen"]
[BlackTeam "SV Castrop Rauxel 1923"]
[WhiteTeamCountry "GER"]
[BlackTeamCountry "GER"]

1. d4 Nf6 2. c4 g6 3. Nc3 Bg7 4. e4 d6 5. h3 O-O 6. Bg5 a5 7. Bd3 Nc6 8. Nge2
Nd7 9. Nb5 Nb4 10. Bb1 Nb6 11. a3 Na6 12. Bd3 c5 13. Rc1 cxd4 14. Nexd4 a4 15.
O-O Nc5 16. b4 axb3 17. Nxb3 Nba4 18. Bb1 Nxb3 19. Qxb3 Be6 20. Rfd1 Qd7 21.
Nd4 Nc5 22. Qe3 Ra4 23. f4 Bxc4 24. Bc2 Raa8 25. e5 Ne6 26. Bxg6 hxg6 27. Rxc4
Nxg5 28. fxg5 dxe5 0-1

[Event "Bundesliga 9900"]
[Site "Deutschland"]
[Date "1999.12.12"]
[Round "6.5"]
[White "Bosch, Jeroen"]
[Black "Schaller, Sven"]
[Result "0-1"]
[WhiteElo "2433"]
[BlackElo "2308"]
[PlyCount "78"]
[EventDate "1999.10.09"]
[EventType "team"]
[EventRounds "15"]
[EventCountry "GER"]
[SourceTitle "Bundesliga 9900"]
[Source "DeepChess"]
[SourceDate "2005.01.01"]
[SourceVersion "1"]
[SourceVersionDate "2005.01.01"]
[SourceQuality "1"]
[WhiteTeam "SV Castrop Rauxel 1923"]
[BlackTeam "SK Koenig Plauen"]
[WhiteTeamCountry "GER"]
[BlackTeamCountry "GER"]

1. e4 c6 2. d4 d5 3. e5 c5 4. dxc5 e6 5. Be3 Nc6 6. Bb5 Nge7 7. c3 Bd7 8. Bxc6
Nxc6 9. f4 g5 10. fxg5 Nxe5 11. Nf3 Bg7 12. Nxe5 Bxe5 13. Nd2 Qc7 14. Nf3 Bg7
15. O-O O-O-O 16. Re1 Rde8 17. Qd2 Rhg8 18. b4 f6 19. Bf4 e5 20. Bg3 f5 21.
Qxd5 f4 22. Bh4 Bc6 23. Qc4 e4 24. Nd4 Bxd4+ 25. cxd4 Qd7 26. d5 Bxd5 27. Qd4
h6 28. Red1 hxg5 29. Be1 Rd8 30. Rac1 e3 31. c6 Qg4 32. cxb7+ Kxb7 33. Qxd5+
Rxd5 34. Rxd5 f3 35. Bg3 f2+ 36. Kf1 Rc8 37. Rb5+ Ka6 38. Ra5+ Kb6 39. Rxc8
Qd1# 0-1

[Event "Bundesliga 9900"]
[Site "Deutschland"]
[Date "1999.12.12"]
[Round "6.6"]
[White "Haskamp, Stephan"]
[Black "Dinstuhl, Volkmar"]
[Result "1/2-1/2"]
[WhiteElo "2297"]
[BlackElo "2404"]
[PlyCount "84"]
[EventDate "1999.10.09"]
[EventType "team"]
[EventRounds "15"]
[EventCountry "GER"]
[SourceTitle "Bundesliga 9900"]
[Source "DeepChess"]
[SourceDate "2005.01.01"]
[SourceVersion "1"]
[SourceVersionDate "2005.01.01"]
[SourceQuality "1"]
[WhiteTeam "SK Koenig Plauen"]
[BlackTeam "SV Castrop Rauxel 1923"]
[WhiteTeamCountry "GER"]
[BlackTeamCountry "GER"]

1. e4 c5 2. Nc3 Nc6 3. Nge2 d6 4. g3 g6 5. d4 cxd4 6. Nxd4 Bg7 7. Nde2 Nf6 8.
Bg2 O-O 9. O-O Rb8 10. a4 a6 11. Nd5 b5 12. axb5 axb5 13. Bg5 Nd7 14. Qc1 Re8
15. Rd1 Nde5 16. h3 Be6 17. Kh2 Rc8 18. Bh6 Bxd5 19. exd5 Nb4 20. Nc3 Bxh6 21.
Qxh6 Nxc2 22. Rac1 Nb4 23. Rd4 Rc4 24. Nxb5 Rxd4 25. Nxd4 Nbd3 26. Nc6 Nxc6 27.
Rxc6 Ne5 28. Rc2 Qb6 29. Qc1 h5 30. f4 Nd3 31. Qd2 Nc5 32. f5 Kh7 33. fxg6+
fxg6 34. Qf4 Rg8 35. Re2 Rg7 36. Qg5 Qb7 37. Bf3 Kg8 38. g4 Qb3 39. Kg2 hxg4
40. Bxg4 Qc4 41. Rxe7 Rxe7 42. Qxg6+ Rg7 1/2-1/2

[Event "Bundesliga 9900"]
[Site "Deutschland"]
[Date "1999.12.12"]
[Round "6.7"]
[White "Hennig, Dirk"]
[Black "Sandner, Gunter"]
[Result "1-0"]
[WhiteElo "2430"]
[BlackElo "2374"]
[PlyCount "51"]
[EventDate "1999.10.09"]
[EventType "team"]
[EventRounds "15"]
[EventCountry "GER"]
[SourceTitle "Bundesliga 9900"]
[Source "DeepChess"]
[SourceDate "2005.01.01"]
[SourceVersion "1"]
[SourceVersionDate "2005.01.01"]
[SourceQuality "1"]
[WhiteTeam "SV Castrop Rauxel 1923"]
[BlackTeam "SK Koenig Plauen"]
[WhiteTeamCountry "GER"]
[BlackTeamCountry "GER"]

1. d4 Nf6 2. Nf3 e6 3. c4 c5 4. Nc3 cxd4 5. Nxd4 Nc6 6. e3 Be7 7. Be2 O-O 8.
O-O b6 9. b3 Bb7 10. Bf3 Qb8 11. Bb2 Nxd4 12. Bxb7 Qxb7 13. Qxd4 a6 14. a4 Rfd8
15. Rfd1 Rac8 16. Rd3 Rc5 17. e4 Rg5 18. Qe3 Ng4 19. Qe2 Bc5 20. Rf1 Ne5 21.
Rh3 f5 22. b4 Bxb4 23. f4 Rg4 24. exf5 Nxc4 25. Qxg4 Nxb2 26. Qh4 1-0

[Event "Bundesliga 9900"]
[Site "Deutschland"]
[Date "1999.12.12"]
[Round "6.8"]
[White "Kuraszkiewicz, Michael"]
[Black "Appel, Ralf"]
[Result "0-1"]
[WhiteElo "2337"]
[BlackElo "2475"]
[PlyCount "60"]
[EventDate "1999.10.09"]
[EventType "team"]
[EventRounds "15"]
[EventCountry "GER"]
[SourceTitle "Bundesliga 9900"]
[Source "DeepChess"]
[SourceDate "2005.01.01"]
[SourceVersion "1"]
[SourceVersionDate "2005.01.01"]
[SourceQuality "1"]
[WhiteTeam "SK Koenig Plauen"]
[BlackTeam "SV Castrop Rauxel 1923"]
[WhiteTeamCountry "GER"]
[BlackTeamCountry "GER"]

1. d4 Nf6 2. c4 d6 3. Nc3 e5 4. Nf3 exd4 5. Nxd4 g6 6. g3 Bg7 7. Bg2 O-O 8. O-O
Re8 9. h3 Nbd7 10. b3 Nc5 11. Bb2 c6 12. Qc2 a5 13. Rad1 Qb6 14. Ba3 Nfd7 15.
e3 Ne5 16. Qe2 f5 17. Kh2 Bd7 18. Rb1 Nf7 19. Rfd1 Ne4 20. Bxe4 fxe4 21. c5
dxc5 22. Na4 Qc7 23. Bxc5 Re5 24. Nb6 Rae8 25. Nxd7 Qxd7 26. Ba3 Rh5 27. g4 Rd5
28. Rf1 Ng5 29. Qc4 Bxd4 30. exd4 Qc7+ 0-1

[Event "Bundesliga 9900"]
[Site "Deutschland"]
[Date "1999.12.12"]
[Round "6.3"]
[White "Hertneck, Gerald"]
[Black "Rogozenko, Dorian"]
[Result "1/2-1/2"]
[WhiteElo "2561"]
[BlackElo "2576"]
[PlyCount "55"]
[EventDate "1999.10.09"]
[EventType "team"]
[EventRounds "15"]
[EventCountry "GER"]
[SourceTitle "Bundesliga 9900"]
[Source "DeepChess"]
[SourceDate "2005.01.01"]
[SourceVersion "1"]
[SourceVersionDate "2005.01.01"]
[SourceQuality "1"]
[WhiteTeam "TV Tegernsee"]
[BlackTeam "USC Magdeburg"]
[WhiteTeamCountry "GER"]
[BlackTeamCountry "GER"]

1. Nf3 Nf6 2. c4 b6 3. g3 Bb7 4. Bg2 e6 5. O-O Be7 6. Nc3 O-O 7. b3 c5 8. Bb2
a6 9. d4 cxd4 10. Qxd4 d6 11. e4 Nbd7 12. Rac1 Qc7 13. Qe3 Rac8 14. Nd4 Qb8 15.
h3 Rfe8 16. Rfe1 Qa8 17. Na4 h6 18. Rcd1 Bd8 19. Qe2 Bc7 20. Nc2 Rcd8 21. Nb4
d5 22. e5 Ne4 23. cxd5 exd5 24. Nxd5 Bxd5 25. Bxe4 Bxe4 26. Qxe4 Qxe4 27. Rxe4
b5 28. Red4 1/2-1/2

[Event "Bundesliga 9900"]
[Site "Deutschland"]
[Date "1999.12.12"]
[Round "6.4"]
[White "Baklan, Vladimir"]
[Black "Teske, Henrik"]
[Result "1/2-1/2"]
[WhiteElo "2591"]
[BlackElo "2515"]
[PlyCount "65"]
[EventDate "1999.10.09"]
[EventType "team"]
[EventRounds "15"]
[EventCountry "GER"]
[SourceTitle "Bundesliga 9900"]
[Source "DeepChess"]
[SourceDate "2005.01.01"]
[SourceVersion "1"]
[SourceVersionDate "2005.01.01"]
[SourceQuality "1"]
[WhiteTeam "USC Magdeburg"]
[BlackTeam "TV Tegernsee"]
[WhiteTeamCountry "GER"]
[BlackTeamCountry "GER"]

1. e4 Nc6 2. Nf3 Nf6 3. e5 Nd5 4. d4 d6 5. c4 Nb6 6. e6 fxe6 7. Nc3 e5 8. d5
Nd4 9. Nxd4 exd4 10. Qxd4 e5 11. Qd1 Bf5 12. Bd3 Qd7 13. O-O Be7 14. Be3 O-O
15. Rc1 Bxd3 16. Qxd3 Na4 17. Nd1 Nc5 18. Bxc5 dxc5 19. Re1 Bd6 20. Re4 Rf4 21.
f3 Raf8 22. Nf2 R4f5 23. Rce1 Rf4 24. Qc3 Rxe4 25. Nxe4 Qe7 26. Re2 h6 27. Qd3
a6 28. a4 a5 29. b3 b6 30. g3 Qd7 31. Kg2 Rf5 32. Nf2 Qf7 33. Re4 1/2-1/2